Концепт кохання в романі Е. Хемінгуея "A Farewell to Arms" (Запис № 282571)

МАРК-запис
000 -LEADER
fixed length control field 01333nam a22001577a 4500
041 ## - LANGUAGE CODE
Language code of text/sound track or separate title eng
080 ## - UNIVERSAL DECIMAL CLASSIFICATION NUMBER
Universal Decimal Classification number 09
090 ## - LOCALLY ASSIGNED LC-TYPE CALL NUMBER (OCLC); LOCAL CALL NUMBER (OCLC)
Local cutter number (OCLC) ; Book number/undivided call number, CALL (RLIN) РОМ
100 ## - MAIN ENTRY--PERSONAL NAME
Personal name Романюк О. П.
245 ## - TITLE STATEMENT
Title Концепт кохання в романі Е. Хемінгуея "A Farewell to Arms"
260 ## - PUBLICATION, DISTRIBUTION, ETC. (IMPRINT)
Place of publication, distribution, etc Острог
Name of publisher, distributor, etc КАФ
Date of publication, distribution, etc 2004
300 ## - PHYSICAL DESCRIPTION
Extent 59
520 ## - SUMMARY, ETC.
Summary, etc Розділ 1. Текстові особливості художніх творів.<br/>1.1. Лексичні особливості художніх текстів.<br/>1.2. Стилістичні особливості художніх текстів.<br/>Розділ 2. Мовні засоби вираження концепту кохання в романі Ернеста Хемінгуея "A Farewell to Arms".<br/>2.1. Концептуальний підхід у вивченні мови.<br/>2.2. Емоційна концептосфера художніх творів.<br/>2.3. Лексичні засоби вираження концепту кохання у творі Ернеста Хемінгуея "A Farewell to Arms".<br/>2.4. Стилістичні засоби вираження концепту кохання у творі Ернеста Хемінгуея "A Farewell to Arms".
-- Концепт, засіб, особливість.
650 ## - SUBJECT ADDED ENTRY--TOPICAL TERM
Topical term or geographic name as entry element Research Papers
942 ## - ADDED ENTRY ELEMENTS (KOHA)
Koha item type Книги
Фонди
Withdrawn status Lost status Source of classification or shelving scheme Damaged status Not for loan Home library Current library Date acquired Source of acquisition Coded location qualifier Cost, normal purchase price Total Checkouts Full call number Barcode Date last seen Price effective from Koha item type
    Universal Decimal Classification     ВІЛ - Відділ іноземн. літератури НБ ВІЛ - Відділ іноземн. літератури НБ 08/08/2005 Акт В12 1.00   09 210133 20/12/2021 16/12/2004 Книги